| 000 | 00655nam a2200229 i 4500 | ||
|---|---|---|---|
| 001 | bg | ||
| 100 | 1 | _aMARCINEK, Joachim | |
| 245 | 1 | 0 |
_aLodowce kuli ziemskiej / _cJoachim Marcinek. |
| 260 |
_aWarszawa : _bWydaw. Naukowe PWN, _c1991. |
||
| 300 |
_a217, [3] s., [8] s. fot. : _bmapy, rys, wykr. ; _c24 cm. |
||
| 490 | 1 | _aRegiony geograficzne świata | |
| 504 | _aBibliogr. s.200-207. - Indeks. | ||
| 650 | 9 | _aLodowce | |
| 830 | _aRegiony geograficzne świata | ||
| 020 | _a8301103663 | ||
| 040 | _cBPK | ||
| 041 | 1 |
_apl _hde |
|
| 080 | _a551.32/.33(100) | ||
| 920 | _a83-01-10366-3 | ||
| 942 | _cKS | ||
| 008 | s pl f |000 0 pol | ||
| 999 |
_c29575 _d29575 |
||
| 856 |
_uhttp://koha.tu.koszalin.pl/cgi-bin/koha/opac-detail.pl?biblionumber=29575 _yKatalog online BPK |
||